The ultimate video games quiz(2025 upgrade) - Statistics

General Stats
  • This quiz has been taken 28 times
    18 since last reset
  • The average score is 3 of 500
Answer Stats
Games % Correct
Super mario bros
71%
Minecraft
57%
Roblox
21%
Mario.bros
14%
Sonic the hedgehog
14%
Subway surfers
14%
Super mario kart
14%
Clash royal
7%
Mario kart ds
7%
Mario kart super circuit
7%
Mario kart wii
7%
Super mario 64
7%
Super mario world
7%
Temple run
7%
The legend of zelda
7%
Amanda the adventurer
0%
Amy's American Page One
0%
Angry birds
0%
Angry birds 2
0%
Angry Birds Action!
0%
Angry Birds Blast
0%
Angry birds epic
0%
Angry birds evolution
0%
Angry Birds Fight
0%
Angry birds friends
0%
Angry birds GO!
0%
Angry Birds Match
0%
Angry birds match 2
0%
Angry birds match 3
0%
Angry birds POP!
0%
Angry birds rio
0%
Angry birds seasons
0%
Angry Birds Space
0%
Angry birds star wars
0%
Angry birds star wars 2
0%
Angry Birds stella
0%
Angry birds transformers
0%
Angry birds volcano
0%
Avatar world
0%
Bad piggies
0%
Bad Piggies 2
0%
Baldi's Basics in Education and Learning
0%
Bendy and the Dark Revival
0%
Bendy and the ink machine
0%
Bendy: Secrets of the Machine
0%
Boom beach
0%
Boris and the Dark Survival
0%
Brawl stars
0%
BS Zelda no Densetsu
0%
Cadence of Hyrule
0%
Clash mini
0%
Clash of clans
0%
Club penguin
0%
Crash bandicoot
0%
Crash Bandicoot 2: Cortex Strikes Back
0%
Crash Bandicoot 2: N-Tranced
0%
Crash Bandicoot Nitro Kart 3D
0%
Crash Bandicoot Purple: Ripto's Rampage
0%
Crash Bandicoot: The Huge Adventure
0%
Crash Bandicoot: The Wrath of Cortex
0%
Crash Bandicoot: Warped
0%
Crash Bash
0%
Crash Boom Bang!
0%
Crash Nitro Kart
0%
Crash of the Titans
0%
Crash Tag Team Racing
0%
Crash Team Racing
0%
Crash Twinsanity
0%
Crazy kong
0%
CR Sonic
0%
Cuphead
0%
Cuphead The Delicious Last Course
0%
Diddy kong racing
0%
Diddy kong racing ds
0%
DK Jungle Climber
0%
DK: King of Swing
0%
Doki Doki Literature Club
0%
Doki doki literature club plus
0%
Donkey kong
0%
Donkey kong 2
0%
Donkey kong 3
0%
Donkey kong 64
0%
Donkey konga
0%
Donkey konga 2
0%
Donkey konga 3
0%
Donkey kong bananza
0%
Donkey Kong Barrel Blast
0%
Donkey kong classics
0%
Donkey kong country
0%
Donkey Kong Country 2: Diddy's Kong Quest
0%
Donkey Kong Country 3: Dixie Kong's Double Trouble!
0%
Donkey kong country returns
0%
Donkey kong country returns HD
0%
Donkey Kong Country: Tropical Freeze
0%
Donkey kong gameboy
0%
Donkey kong JR
0%
Donkey kong JR math
0%
Donkey Kong Jungle Beat
0%
Donkey kong land
0%
Donkey kong land 2
0%
Donkey kong land 3
0%
Dr robotnik's Mean Bean Machine
0%
Five nights at sonic' s 1
0%
Five nights at sonic's 2
0%
Five nights at sonic's 3
0%
Five nights at sonic's 4
0%
Five nights at sonic's 5
0%
Five nights at sonic's collection
0%
Five nights at sonic's maniac mania
0%
Five nights at treasure island
0%
Five nights at treasure island 2
0%
Flicky
0%
FNAF
0%
FNAF 2
0%
FNAF 3
0%
FNAF 4
0%
Fnaf AR: Special Delivery
0%
FNAF Help Wanted
0%
FNAF Help Wanted 2
0%
Fnaf Into the Pit
0%
Fnaf Plus
0%
Fnaf Secret of the Mimic
0%
FNAF Security Breach
0%
FNAF Sister Location
0%
FNAF Ultimate Custom night
0%
FNAF World
0%
Freddy Fazbear's Pizzeria Simulator
0%
Freshly-Picked Tingle's Rosy Rupeeland
0%
Friday night funkin
0%
Garten of banban 0
0%
Garten of banban 1
0%
Garten of banban 2
0%
Garten of banban 3
0%
Garten of banban 4
0%
Garten of banban 5
0%
Garten of banban 6
0%
Garten of banban 7
0%
Hay day
0%
Heroes of Hyrule
0%
Hotel mario
0%
Hyrule Warriors
0%
Hyrule Warriors: Age of Calamity
0%
Hyrule Warriors: Age of Imprisonment
0%
Hyrule Warriors Legends
0%
Irozuki Tincle no Koi no Balloon Trip
0%
Kinitopet
0%
Kirby 64: The Crystal Shards
0%
Kirby Air Ride
0%
Kirby air riders
0%
Kirby and the Forgotten Land
0%
Kirby and the Rainbow Curse
0%
Kirby Battle Royale
0%
Kirby: Canvas Curse
0%
Kirby Fighters 2
0%
Kirby Mass Attack
0%
Kirby: Planet Robobot
0%
Kirby's adventure
0%
Kirby's Avalanche
0%
Kirby's Block Ball
0%
Kirby's Blowout Blast
0%
Kirby’s Dream Buffet
0%
Kirby's Dream Collection: Special Edition
0%
Kirby's Dream Course
0%
Kirby's Dream Land
0%
Kirby's Dream Land 2
0%
Kirby's Dream Land 3
0%
Kirby's Epic Yarn
0%
Kirby's Pinball Land
0%
Kirby: Squeak Squad
0%
Kirby's Return to Dream Land
0%
Kirby's Return To Dream Land Deluxe
0%
Kirby's Star Stacker
0%
Kirby Star Allies
0%
Kirby Super Star
0%
Kirby Super Star Ultra
0%
Kirby & the Amazing Mirror
0%
Kirby Tilt 'n' Tumble
0%
Kirby: Triple Deluxe
0%
Knuckles chaotix
0%
Knuckles in sonic the hedgehog 2
0%
Kogama
0%
Link's Crossbow Training
0%
Link: The Faces of Evil
0%
Madness combat
0%
Mario and sonic at the london 2012 Olympic games
0%
Mario and sonic at the Olympic games
0%
Mario and sonic at the Olympic games tokyo 2020
0%
Mario and sonic at the Olympic winter games
0%
Mario and sonic at the rio 2016 Olympic games
0%
Mario and sonic at the sochi 2014 Olympic games
0%
Mario Artist
0%
Mario Artist: Communication Kit
0%
Mario Artist: Paint Studio
0%
Mario Artist: Polygon Studio
0%
Mario Artist: Talent Studio
0%
Mario kart 64
0%
Mario kart 7
0%
Mario kart 8
0%
Mario kart 8 deluxe
0%
Mario Kart Arcade GP
0%
Mario Kart Arcade GP 2
0%
Mario kart double dash
0%
Mario kart live home circuit
0%
Mario kart Tour
0%
Mario kart world
0%
Mario & Luigi: Bowser's Inside Story
0%
Mario & Luigi: Brothership
0%
Mario & Luigi: Dream Team
0%
Mario & Luigi: Paper Jam
0%
Mario & Luigi: Partners in Time
0%
Mario & Luigi: Superstar Saga
0%
Mario & Luigi Superstar Saga + Bowser's Minions
0%
Mario no Photopi
0%
Mario paint
0%
Mario party
0%
Mario party 10
0%
Mario party 2
0%
Mario party 3
0%
Mario party 4
0%
Mario party 5
0%
Mario party 6
0%
Mario party 7
0%
Mario party 8
0%
Mario party 9
0%
Mario Party Advance
0%
Mario Party DS
0%
Mario Party-e
0%
Mario Party: Island Tour
0%
Mario Party: Star Rush
0%
Mario Party Superstars
0%
Mario Party: The Top 100
0%
Mario + Rabbids Kingdom Battle
0%
Mario + Rabbids Kingdom Battle: Donkey Kong Adventure
0%
Mario + Rabbids Sparks of Hope
0%
Minecraft dungeons
0%
Minecraft earth
0%
Minecraft legends
0%
Minecraft story mode
0%
Minion rush
0%
MO.CO
0%
Multiversus
0%
New super mario bros
0%
New super mario bros 2
0%
New super mario bros u
0%
New super mario bros u deluxe
0%
New super mario bros wii
0%
Nightmare in Dream Land
0%
Paper mario
0%
Paper Mario: Color Splash
0%
Paper Mario: Sticker Star
0%
Paper Mario: The Origami King
0%
Paper Mario: The Thousand-Year Door
0%
Pico's school
0%
Pizza tower
0%
Plok!
0%
Poochy & Yoshi's Woolly World
0%
Poppy playtime
0%
Poppy playtime chapter 2
0%
Poppy playtime chapter 3
0%
Poppy playtime chapter 4
0%
Rayman
0%
Rayman 2 the great escape
0%
Rayman 3: Hoodlum Havoc
0%
Rayman Activity Centre
0%
Rayman Adventures
0%
Rayman Bowling
0%
Rayman Brain Games
0%
Rayman Designer
0%
Rayman Fiesta Run
0%
Rayman Garden
0%
Rayman Golf
0%
Rayman: Hoodlums' Revenge
0%
Rayman Jungle Run
0%
Rayman Junior
0%
Rayman kart
0%
Rayman Legends
0%
Rayman M
0%
Rayman Mini
0%
Rayman origins
0%
Rayman Premier Clics
0%
Rayman Raving Rabbids
0%
Rayman Raving Rabbids TV Party
0%
Rec room
0%
Rush wars
0%
Segasonic cosmo fighter
0%
Segasonic cotton candy scramble
0%
Segasonic popcorn shop
0%
Segasonic the hedgehog
0%
Sega superstars
0%
Sega superstars tennis
0%
Shadow shoot
0%
Shadow the hedgehog
0%
Smash remix
0%
Sonic 06
0%
Sonic 3 and knuckles
0%
Sonic 3d blast
0%
Sonic advance
0%
Sonic advance 2
0%
Sonic advance 3
0%
Sonic adventure
0%
Sonic adventure 2
0%
Sonic adventure 2 battle
0%
Sonic adventure dx director's cup
0%
Sonic and all stars racing transformed
0%
Sonic and knuckles
0%
Sonic and knuckles collection
0%
Sonic and sega all stars racing
0%
Sonic and the black knight
0%
Sonic and the secret rings
0%
Sonic Athletics
0%
Sonic at the Olympic games
0%
Sonic at the Olympic winter games
0%
Sonic battle
0%
Sonic blast
0%
Sonic blitz
0%
Sonic boom fire and ice
0%
Sonic boom rise of lyric
0%
Sonic boom shattered crystal
0%
Sonic bowling
0%
Sonic chaos
0%
Sonic Chronicles: The Dark Brotherhood
0%
Sonic classic collection
0%
Sonic colors
0%
Sonic darts
0%
Sonic dash
0%
Sonic dash 2 sonic boom
0%
Sonic dash club
0%
Sonic dash extreme
0%
Sonic dash plus
0%
Sonic dash S
0%
Sonic dream team
0%
Sonic drift
0%
Sonic drift 2
0%
Sonic fishing
0%
Sonic forces
0%
Sonic forces speed battle
0%
Sonic free riders
0%
Sonic frontiers
0%
Sonic gems collection
0%
Sonic generations
0%
Sonic generations 3ds
0%
Sonic golf
0%
Sonic golf 3d
0%
Sonic heroes
0%
Sonic hopping
0%
Sonic hopping 2
0%
Sonic jam
0%
Sonic jump
0%
Sonic jump 2
0%
Sonic jump fever
0%
Sonic jump pro
0%
Sonic kart 3dx
0%
Sonic kart DX
0%
Sonic labyrinth
0%
Sonic lost world
0%
Sonic mania
0%
Sonic mania plus
0%
Sonic mega collection
0%
Sonic mega collection plus
0%
Sonic N
0%
Sonic omens
0%
Sonic origins
0%
Sonic origins plus
0%
Sonic pinball party
0%
Sonic prime dash
0%
Sonic R
0%
Sonic Racing
0%
Sonic racing crossworlds
0%
Sonic racing kart
0%
Sonic riders
0%
Sonic riders zero gravity
0%
Sonic rivals
0%
Sonic rivals 2
0%
Sonic robo blast 2
0%
Sonic rumble
0%
Sonic runners
0%
Sonic runners adventure
0%
Sonic rush
0%
Sonic rush adventure
0%
Sonic's casino poker
0%
Sonic's edusoft
0%
Sonic shuffle
0%
Sonic's Napoleon
0%
Sonic speed DX
0%
Sonic speed simulator
0%
Sonic's schoolhouse
0%
Sonic's Space Tours
0%
Sonic's Ultimate Genesis Collection
0%
Sonic superstars
0%
Sonic tennis
0%
Sonic tennis DX
0%
Sonic the fighters
0%
Sonic the hedgehog 2
0%
Sonic the hedgehog 2 8 bit
0%
Sonic the hedgehog 3
0%
Sonic The hedgehog 3(promo)
0%
Sonic the hedgehog 4 episode 1
0%
Sonic the hedgehog 4 episode 2
0%
Sonic the hedgehog 4 episode metal
0%
Sonic the hedgehog 8 bit
0%
Sonic the hedgehog cd
0%
Sonic the hedgehog genesis
0%
Sonic the hedgehog pocket adventure
0%
Sonic The hedgehog's gameworld
0%
Sonic the hedgehog spinball
0%
Sonic triple trouble
0%
Sonic unleashed
0%
Sonic unleashed java
0%
Sonic x
0%
Sonic x shadow generations
0%
Sonic x-treme
0%
Speed
0%
Speed DX
0%
Squad busters
0%
Super Kirby Clash
0%
Super mario 3d land
0%
Super mario 3d world
0%
Super mario 3d world + bowser's fury
0%
Super mario 64 DS
0%
Super mario advance
0%
Super mario advance 2
0%
Super mario advance 3
0%
Super mario advance 4
0%
Super mario all stars
0%
Super mario bros 2
0%
Super mario bros 3
0%
Super mario bros the lost levels
0%
Super mario land
0%
Super mario land 2 6 Golden coins
0%
Super mario party
0%
Super Mario Party Jamboree
0%
Super mario rpg
0%
Super mario sunshine
0%
Super mario world 2 yoshi's island
0%
Super paper mario
0%
Super smash bros
0%
Super smash bros 3ds
0%
Super Smash bros brawl
0%
Super smash bros crusade
0%
Super smash bros melee
0%
Super smash bros ultimate
0%
Super smash bros wii u
0%
Super smash flash
0%
Super smash flash 2
0%
Tails adventure
0%
Tails and The music maker
0%
Tails no flying get
0%
Tails skypatrol
0%
Team sonic racing
0%
Temple run 2
0%
The Joy of Creation
0%
The Legend of Zelda: A Link to the Past
0%
The Legend of Zelda: A Link to the Past & Four Swords
0%
The legend of zelda breath of the wild
0%
The Legend of Zelda: Collector's Edition
0%
The Legend of Zelda: Echoes of Wisdom
0%
The Legend of Zelda: Link's Awakening
0%
The Legend of Zelda: Link's Awakening DX
0%
The legend of zelda majora's mask
0%
The legend of zelda majora's mask 3D
0%
The Legend of Zelda: Mystical Seed of Courage
0%
The legend of zelda ocarina of time
0%
The legend of zelda ocarina of time 3D
0%
The Legend of Zelda: Oracle of Ages
0%
The Legend of Zelda: Oracle of Seasons
0%
The Legend of Zelda: Phantom Hourglass
0%
The Legend of Zelda: Skyward Sword
0%
The Legend of Zelda: Skyward Sword HD
0%
The Legend of Zelda: Spirit Tracks
0%
The Legend of Zelda: Tears of the Kingdom
0%
The Legend of Zelda: The Minish Cap
0%
The legend of zelda the wind waker
0%
The legend of zelda the wind waker HD
0%
The Legend of Zelda: Tri Force Heroes
0%
The legend of zelda twilight princess
0%
The legend of zelda twilight princess HD
0%
The murder of sonic The hedgehog
0%
Tingle's Balloon Fight
0%
Toca life
0%
Ufo segasonic
0%
VR Chat
0%
Wacky Worlds Creativity Studio
0%
Waku waku sonic Patrol car
0%
Yoshi
0%
Yoshi's cookie
0%
Yoshi's crafted world
0%
Yoshi's Island DS
0%
Yoshi's New Island
0%
Yoshi's safari
0%
Yoshi's story
0%
Yoshi's woolly world
0%
Yoshi Topsy-Turvy
0%
Yoshi Touch & Go
0%
Zelda II: The Adventure of Link
0%
Zelda’s Adventure
0%
Zelda: The Wand of Gamelon
0%
Zombie tsunami
0%
No matching quizzes found
Score Distribution
Percent of People with Each Score
Percentile by Number Answered
Your Score History
You have not taken this quiz since the last reset